| 000 | 00957nam a2200229 i 4500 | ||
|---|---|---|---|
| 001 | 118837 | ||
| 003 | ES-MaACL | ||
| 005 | 20251220170615.0 | ||
| 007 | t| | ||
| 008 | 070214s1959 sp r ||||1| spa d | ||
| 100 | 1 |
_aPérez Carmona, José. _990706 |
|
| 245 | 1 | 0 |
_aArquitectura y escultura románicas en la provincia de Burgos / _cpor José Pérez Carmona ; prólogo del Rvdmo. D. Justo Pérez de Urbel. |
| 260 |
_aBurgos : _b[s.n.], _c1959 ( _fImp. Hijos de Santiago Rodríguez) |
||
| 300 |
_a335 p. lám. 1-114 : _bil ; _c24 cm. |
||
| 490 | 1 |
_aPublicaciones del seminario metropolitano de Burgos. Serie A ; _v3 |
|
| 650 | 4 |
_aArquitectura románica- _zBurgos (Provincia) _9170154 |
|
| 650 | 4 |
_aEscultura románica- _zBurgos (Provincia) _9170155 |
|
| 700 | 1 |
_aPérez de Urbel, Justo. _990812 |
|
| 830 | 0 |
_aPublicaciones del Seminario Metropolitano de Burgos. Serie A _v3 _9218547 |
|
| 852 |
_aES-MaACL _jC-17427 _bR.45090 |
||
| 999 |
_c118837 _d118837 |
||